Statistics for Nostalgic Children's Television Shows

Click here to take the quiz!

General Stats

  • This quiz has been taken 71 times
  • The average score is 7 of 20

Answer Stats

YearsHintAnswer% Correct
1994-1997Take a left at your intestine and the second right past Mars to attend field trips of questionable safety. Seatbelts everyone!The Magic School Bus
76%
2007-2015Two precocious step brothers solve the annual problem of their generation by finding a good way to spend a hundred and four days of summer vacation.Phineas and Ferb
71%
1991-2004This Nickelodeon smash hit saw nine seasons, spin-offs, and three movies—all about a group of toddlers who did toddler things.Rugrats
69%
1984-1987Factions of sentient, giant robots fight on earth by turning into mundane human technologies. They sold many toys, so maybe the show is more than meets the eye.Transformers
56%
1995-1998Spielberg produced this spin-off about an evil genius who ponders about taking over the world and his nitwit companion who ponders about non sequiturs.Pinky and the Brain
53%
1968-2001A man in a cardigan gives monologues about life interspersed with Make-Believe segments and guest stars.Mister Rogers' Neighborhood
42%
1973-1984Children can learn about a variety of school subjects, and the most famous might be a song about how American bills become law.Schoolhouse Rock
42%
2010-2018A boy and his adoptive brother, a gravelly-voiced dog, take part in exploits that often reference Dungeons and Dragons.Adventure Time
40%
1959-1964And now for something completely different: A moose fails to pull a rabbit out of a hat.The Adventures of Rocky and Bullwinkle and Friends
40%
1991-1992Let's get dangerous and watch this Disney spin-off featuring Drake Mallard.Darkwing Duck
33%
1976-1980The stop-motion adaptation of a long running children's book series about the marmalade-loving titular character.Paddington
33%
1990-1996Gaia, the spirit of the Earth, gives Kwame, Wheeler, Linka, Gi, and Ma-Ti powers that, when combined, can summon Earth's greatest champion.Captain Planet
31%
1981-1989Three-apples-tall humanoids live in a society that is sometimes cynically described as a polyandrous, cooperative commune.The Smurfs
27%
1983-1987The show's titular race of small creatures learn to work with Doozers, Gorgs, Silly Creatures, and each other.Fraggle Rock
24%
1968An eclectic selection of zany motorcar drivers compete to finish first and avoid dastardly traps. Hipsters might argue whether the Slag Brothers were the overall champions of the show.Wacky Races
24%
1967-1968The definition of anime for Boomers, this series, also known as Mach GoGoGo, was adapted into a critically panned film in 2008.Speed Racer
22%
1968-1969The gang from the comic books forms a bubble-gum pop band and even had a real-life #1 hit on the Billboard Hot 100.The Archies
20%
1960-1984Tonight what heights we'll hit! On with the show, this is an anthology of surprisingly violent animated shorts now in the half hour TV format.The Bugs Bunny Show
18%
1985-1987They lived in a split-level treehouse! But perhaps in a dimension slightly different than the one you remember, according to the Internet.The Berenstain Bears
13%
1974-1976This live-action adaptation of a comic book about a superhero features the main character shouting the show's title each and every episode.Shazam!
9%

Score Distribution

Percentile by Number Answered

Percent of People with Each Score

Your Score History

You have not taken this quiz